000 00560nam a2200229Ia 4500
003 OSt
005 20220918172325.0
006 a|||||r|||| 00| 0
007 ta
008 220917b |||||||| |||| 00| 0 eng d
024 _a261
037 _cTextual
040 _aARTS
_cARTS
_beng
041 _2eng
_aeng
082 _aO:6xM9, G6
100 _aMcFadyen J F
_941250
245 0 _aGlimpses into English prose
260 _c1936
650 _aENGLISH LITERATURE
942 _hO:6xM9, G6
_cTEXL
_2CC
999 _c143505
_d143505